<?xml version="1.0" encoding="UTF-8"?><?xml-stylesheet type="text/xsl" href="static/style.xsl"?><OAI-PMH xmlns="http://www.openarchives.org/OAI/2.0/" xmlns:xsi="http://www.w3.org/2001/XMLSchema-instance" xsi:schemaLocation="http://www.openarchives.org/OAI/2.0/ http://www.openarchives.org/OAI/2.0/OAI-PMH.xsd"><responseDate>2026-04-13T07:25:57Z</responseDate><request verb="GetRecord" identifier="oai:www.recercat.cat:2099.1/13381" metadataPrefix="marc">https://recercat.cat/oai/request</request><GetRecord><record><header><identifier>oai:recercat.cat:2099.1/13381</identifier><datestamp>2025-07-23T01:47:28Z</datestamp><setSpec>com_2072_1033</setSpec><setSpec>col_2072_452951</setSpec></header><metadata><record xmlns="http://www.loc.gov/MARC21/slim" xmlns:dcterms="http://purl.org/dc/terms/" xmlns:xsi="http://www.w3.org/2001/XMLSchema-instance" xmlns:doc="http://www.lyncode.com/xoai" xsi:schemaLocation="http://www.loc.gov/MARC21/slim http://www.loc.gov/standards/marcxml/schema/MARC21slim.xsd">
   <leader>00925njm 22002777a 4500</leader>
   <datafield ind2=" " ind1=" " tag="042">
      <subfield code="a">dc</subfield>
   </datafield>
   <datafield ind2=" " ind1=" " tag="720">
      <subfield code="a">Floreta Niubó, Anna</subfield>
      <subfield code="e">author</subfield>
   </datafield>
   <datafield ind2=" " ind1=" " tag="260">
      <subfield code="c">2011-05</subfield>
   </datafield>
   <datafield ind2=" " ind1=" " tag="520">
      <subfield code="a">El present projecte té com a primer objectiu l’estudi del comportament de les xapes&#xd;
nervades d’acer perfilades en fred i corbades per plegat, sotmeses a càrregues externes de&#xd;
flexió i de compressió. Es pretén estudiar l’efecte de les emboticions sobre la càrrega&#xd;
màxima que pot suportar la xapa nervada i analitzar els diagrames de flux de tensions.&#xd;
Un segon objectiu del present projecte és deduir i entendre les equacions i raonaments&#xd;
mitjançant els quals diferents autors apliquen la teoria de les línies de plastificació. La teoria&#xd;
de les línies de plastificació es basa en la suposició de les línies que formen el mecanisme&#xd;
de fallida de la xapa en el moment del post-col·lapse, i consisteix en la formulació&#xd;
matemàtica, mitjançant deduccions geomètriques i mètodes energètics o de l’equilibri, de la&#xd;
seva llei força – desplaçament per a la posterior obtenció de la càrrega màxima que pot&#xd;
suportar la xapa.&#xd;
Per assolir els objectius anteriors, en primer lloc es dedueixen les equacions d’aplicació de&#xd;
l’esmentada teoria pel cas d’una placa sotmesa a compressió i pel cas d’un perfil rectangular&#xd;
sotmès a flexió. Per aquest últim cas, es comprova l’adequació de la teoria amb unes&#xd;
simulacions en Ansys®. En segon lloc, es fa un estudi preliminar de l’aplicació de la teoria a&#xd;
xapes nervades corbades per plegat, que consisteix en unes simulacions en Ansys® de&#xd;
models reduïts de xapes nervades planes amb i sense emboticions, a flexió i a compressió.&#xd;
Vist l’estudi de la teoria de les línies de plastificació, es conclou que existeix una gran&#xd;
complexitat en l’aplicació d’aquesta, donada la dificultat d’anàlisi teòrica que comporta la&#xd;
definició del mecanisme i de la seva llei força – desplaçament o moment - angle girat. A&#xd;
més, cal tenir en compte que sempre cal contrastar els resultats trobats de l’aplicació de la&#xd;
teoria amb simulacions o assaigs experimentals.&#xd;
En relació a l’estudi de les xapes nervades planes amb i sense emboticions, es conclou que,&#xd;
a la vista dels resultats de les simulacions, les emboticions redueixen considerablement la&#xd;
càrrega última de la xapa, tant a flexió com a compressió. Tot i això, cal notar que en el&#xd;
model geomètric de la xapa no es té en compte el procés real d’embotició de la xapa, i això,&#xd;
presumiblement, podria afectar els resultats.&#xd;
De l’anàlisi del flux de tensions, es conclou que l’existència de les emboticions a la xapa fa&#xd;
que es redueixin les bandes de pas de les tensions i disminueixi la secció eficaç de la xapa&#xd;
(tant l’àrea eficaç com el mòdul resistent). Aquesta, doncs, podria ser una justificació de la&#xd;
reducció que experimenta la càrrega última de la xapa amb emboticions respecte la xapa&#xd;
sense emboticions</subfield>
   </datafield>
   <datafield tag="653" ind2=" " ind1=" ">
      <subfield code="a">Àrees temàtiques de la UPC::Enginyeria dels materials::Metal·lúrgia::Metal·lografia</subfield>
   </datafield>
   <datafield tag="653" ind2=" " ind1=" ">
      <subfield code="a">Àrees temàtiques de la UPC::Enginyeria dels materials::Conformat de materials</subfield>
   </datafield>
   <datafield tag="653" ind2=" " ind1=" ">
      <subfield code="a">Sheet-steel -- Testing</subfield>
   </datafield>
   <datafield tag="653" ind2=" " ind1=" ">
      <subfield code="a">Steel -- Metallurgy</subfield>
   </datafield>
   <datafield tag="653" ind2=" " ind1=" ">
      <subfield code="a">Drawing (Metal-work)</subfield>
   </datafield>
   <datafield tag="653" ind2=" " ind1=" ">
      <subfield code="a">Steel -- Plastic properties</subfield>
   </datafield>
   <datafield tag="653" ind2=" " ind1=" ">
      <subfield code="a">Xapes d'acer -- Proves</subfield>
   </datafield>
   <datafield tag="653" ind2=" " ind1=" ">
      <subfield code="a">Acer -- Metal·lúrgia</subfield>
   </datafield>
   <datafield tag="653" ind2=" " ind1=" ">
      <subfield code="a">Embotició</subfield>
   </datafield>
   <datafield tag="653" ind2=" " ind1=" ">
      <subfield code="a">Acer -- Propietats plàstiques</subfield>
   </datafield>
   <datafield ind2="0" ind1="0" tag="245">
      <subfield code="a">Estudi sobre l’aplicació de la teoria de les línies de plastificació a perfils d’acer conformats en fred</subfield>
   </datafield>
</record></metadata></record></GetRecord></OAI-PMH>